Silhouettes: Family Guy Characters Quiz Stats

 Plays Quiz Updated Jul 29, 2018

Challenge
Share
Tweet
Score 0/15 Timer 02:00
0 Plays Today
% Correct
Stewie Griffin
96.9%
Lois Griffin
96.5%
Chris Griffin
96.2%
Cleveland Brown
96.1%
Meg Griffin
95.6%
Peter Griffin
95.4%
Glenn Quagmire
93.9%
Joe Swanson
92.6%
% Correct
Brian Griffin
91.8%
Herbert
91.4%
Consuela
91.3%
Carter Pewterschmidt
90.9%
Bonnie Swanson
90.8%
Jillian
89.8%
Mort Goldman
88.3%

You're not logged in!

Compare scores with friends on all Sporcle quizzes.
Join for Free
OR
Log In

You Might Also Like...

Show Comments

Extras

Top Quizzes Today


Score Distribution

Your Account Isn't Verified!

In order to create a playlist on Sporcle, you need to verify the email address you used during registration. Go to your Sporcle Settings to finish the process.

Report this User

Report this user for behavior that violates our Community Guidelines.

Details: